[Event "Sao Paulo U2300 op 7th"]
[Site "Sao Paulo"]
[Date "2018.03.31"]
[Round "3"]
[White "Leao, Tales Braghini"]
[Black "Mafra, Kaiser Luiz"]
[Result "1-0"]
[WhiteElo "2011"]
[BlackElo "2117"]
[PlyCount "125"]
[EventDate "2018.03.30"]
[EventType "swiss"]
[EventRounds "6"]
[EventCountry "BRA"]
[SourceTitle "CBM 183 Extra"]
[Source "ChessBase"]
[SourceDate "2018.04.19"]
[SourceVersion "1"]
[SourceVersionDate "2018.04.19"]
[SourceQuality "1"]

1. e4 e6 2. d4 d5 3. Nc3 dxe4 4. Nxe4 Bd7 5. Nf3 Bc6 6. Bd3 Bxe4 7. Bxe4 c6 8. 0-0 Nf6 9. Bd3 Nbd7 10. c4 Bd6 11. Qe2 0-0 12. b3 Re8 13. Bb2 Qa5 14. Ne5 Ba3 15. Bxa3 Qxa3 16. Rad1 Qe7 17. Bb1 Nf8 18. Rd3 c5 19. dxc5 Qxc5 20. Rfd1 Qc7 21. Ng4 Nxg4 22. Qxg4 Rad8 23. Rxd8 Rxd8 24. Rxd8 Qxd8 25. Qe2 f5 26. Qd3 Qc7 27. h3 a5 28. Bc2 b6 29. Qe3 Qc5 30. Qd2 Kf7 31. Bd1 e5 32. g4 f4 33. Bf3 Qd4 34. Qxd4 exd4 35. Kf1 Kf6 36. Ke2 Ke5 37. Kd3 Ne6 38. Bd5 Nc5+ 39. Kd2 h6 40. h4 b5 41. f3 b4 42. Bc6 d3 43. Be8 Kd4 44. Bc6 g6 45. Be8 g5 46. hxg5 hxg5 47. Bc6 Ke5 48. Be8 Ne6 49. Bg6 a4 50. bxa4 Nc5 51. Bxd3 Nxa4 52. Bc2 Nc5 53. Bg6 Kd4 54. Bf7 Na4 55. Kc2 Nc5 56. Bd5 Ke3 57. Bc6 Ne6 58. Bd5 Nd4+ 59. Kb2 Kd3 60. c5 Nb5 61. Kb3 Nc7 62. Bb7 Kd4 63. Kxb4 1-0

[Event "Sao Paulo U2300 op 7th"]
[Site "Sao Paulo"]
[Date "2018.03.30"]
[Round "1"]
[White "Leao, Tales Braghini"]
[Black "Sega, Carlos Alberto"]
[Result "1/2-1/2"]
[WhiteElo "2011"]
[BlackElo "2192"]
[PlyCount "53"]
[EventDate "2018.03.30"]
[EventType "swiss"]
[EventRounds "6"]
[EventCountry "BRA"]
[SourceTitle "CBM 183 Extra"]
[Source "ChessBase"]
[SourceDate "2018.04.19"]
[SourceVersion "1"]
[SourceVersionDate "2018.04.19"]
[SourceQuality "1"]

1. e4 e5 2. Nf3 Nc6 3. Nc3 Nf6 4. d4 exd4 5. Nxd4 Bb4 6. Nxc6 bxc6 7. Bd3 d5 8. exd5 cxd5 9. 0-0 0-0 10. h3 Re8 11. Qf3 c6 12. Bf4 Qe7 13. Ne2 Ne4 14. Nd4 Bd7 15. c3 Bd6 16. Rae1 Qh4 17. Bxd6 Nxd6 18. Nf5 Qf6 19. Nxd6 Qxd6 20. Bf5 a5 21. Bxd7 Qxd7 22. Re2 Rxe2 23. Qxe2 Re8 24. Qa6 Qc7 25. c4 g6 26. cxd5 cxd5 27. Qd3 1/2-1/2

[Event "Florianopolis op 4th"]
[Site "Florianopolis"]
[Date "2018.01.25"]
[Round "10"]
[White "Leao, Tales Braghini"]
[Black "Santos, Marcus Vinicius M"]
[Result "0-1"]
[WhiteElo "2023"]
[BlackElo "2402"]
[PlyCount "62"]
[EventDate "2018.01.19"]
[EventType "swiss"]
[EventRounds "10"]
[EventCountry "BRA"]
[SourceTitle "EXT 2019"]
[Source "ChessBase"]
[SourceDate "2018.10.10"]
[SourceVersion "1"]
[SourceVersionDate "2018.10.10"]
[SourceQuality "1"]

1. e4 g6 2. d4 Bg7 3. Nc3 d6 4. Be3 a6 5. Qd2 b5 6. a4 b4 7. Nd1 Nf6 8. f3 a5 9. Bd3 Nbd7 10. c3 bxc3 11. bxc3 0-0 12. Ne2 Ba6 13. Nf2 Nb6 14. Bxa6 Rxa6 15. Qd3 Ra8 16. 0-0 Qd7 17. Rfb1 Nxa4 18. Rb5 Rfb8 19. Rxb8+ Rxb8 20. Qa6 Nb6 21. d5 Ra8 22. Qb7 Qc8 23. Qc6 Nfd7 24. f4 Qa6 25. Nd4 a4 26. Nb5 Rc8 27. Bxb6 Nxb6 28. Ra3 Rb8 29. Nd3 Qa5 30. e5 Nxd5 31. c4 Nxf4 0-1

[Event "Florianopolis op 4th"]
[Site "Florianopolis"]
[Date "2018.01.24"]
[Round "8"]
[White "Leao, Tales Braghini"]
[Black "Vieira, Ernando Ferreira"]
[Result "1-0"]
[WhiteElo "2023"]
[BlackElo "1862"]
[PlyCount "65"]
[EventDate "2018.01.19"]
[EventType "swiss"]
[EventRounds "10"]
[EventCountry "BRA"]
[SourceTitle "EXT 2019"]
[Source "ChessBase"]
[SourceDate "2018.10.10"]
[SourceVersion "1"]
[SourceVersionDate "2018.10.10"]
[SourceQuality "1"]

1. e4 e6 2. d4 d5 3. Nc3 Nf6 4. e5 Nfd7 5. f4 c5 6. Nf3 Nc6 7. Be3 Be7 8. dxc5 Bxc5 9. Bxc5 Nxc5 10. Qd2 a6 11. Bd3 b5 12. 0-0-0 Qa5 13. Kb1 b4 14. Ne2 Qb6 15. Ned4 Na5 16. Qf2 Na4 17. Ka1 Bd7 18. Qg3 g6 19. Qg5 Qc5 20. Qf6 Rf8 21. g4 Bb5 22. f5 Nxb2 23. Kxb2 Qc3+ 24. Kb1 Bc4 25. fxe6 b3 26. axb3 Bxb3 27. cxb3 Rb8 28. exf7+ Rxf7 29. Qe6+ Kf8 30. Qd6+ Kg7 31. Qxb8 Rxf3 32. Nxf3 Nxb3 33. Qb7+ 1-0

[Event "Florianopolis op 4th"]
[Site "Florianopolis"]
[Date "2018.01.20"]
[Round "3"]
[White "Terao, Juliana Sayumi"]
[Black "Leao, Tales Braghini"]
[Result "1-0"]
[WhiteElo "2256"]
[BlackElo "2023"]
[PlyCount "89"]
[EventDate "2018.01.19"]
[EventType "swiss"]
[EventRounds "10"]
[EventCountry "BRA"]
[SourceTitle "EXT 2019"]
[Source "ChessBase"]
[SourceDate "2018.10.10"]
[SourceVersion "1"]
[SourceVersionDate "2018.10.10"]
[SourceQuality "1"]

1. e4 c5 2. Nf3 e6 3. c3 Nf6 4. e5 Nd5 5. d4 cxd4 6. Qxd4 Nc6 7. Qe4 f5 8. Qe2 Be7 9. g3 a5 10. c4 Bb4+ 11. Nbd2 Nde7 12. Bg2 Ng6 13. 0-0 Qc7 14. Re1 a4 15. h4 Ra5 16. a3 Be7 17. b4 axb3 18. Nxb3 Ra8 19. h5 Nf8 20. Nbd4 Nxd4 21. Nxd4 Ra4 22. Bf1 b6 23. Qd1 Ra5 24. Nb5 Qc6 25. Nd6+ Bxd6 26. Qxd6 Bb7 27. Qxc6 dxc6 28. h6 g6 29. Bd2 Ra4 30. Red1 Nd7 31. Bc3 Ke7 32. Rd6 c5 33. Rad1 Rd8 34. Bb2 Bf3 35. R1d3 Be4 36. Rd2 Raa8 37. Be2 Nf8 38. Bc1 Rd7 39. Rd1 Bc2 40. Bg5+ Ke8 41. Rxd7 Nxd7 42. Rd6 Rxa3 43. Rxe6+ Kf8 44. Re7 Be4 45. Rxd7 1-0

[Event "Caioba Telecom op"]
[Site "Caioba"]
[Date "2017.09.30"]
[Round "6"]
[White "Terao, Juliana Sayumi"]
[Black "Leao, Tales Braghini"]
[Result "1-0"]
[WhiteElo "2284"]
[BlackElo "1995"]
[PlyCount "55"]
[EventDate "2017.09.28"]
[EventType "swiss"]
[EventRounds "8"]
[EventCountry "BRA"]
[SourceTitle "EXT 2020"]
[Source "ChessBase"]
[SourceDate "2019.10.17"]
[SourceVersion "1"]
[SourceVersionDate "2019.10.17"]
[SourceQuality "1"]

1. e4 c5 2. Nf3 e6 3. b3 Nc6 4. Bb2 d6 5. d4 cxd4 6. Nxd4 Nf6 7. Nxc6 bxc6 8. e5 Ne4 9. Bd3 Qa5+ 10. Nd2 Nc3 11. Qf3 d5 12. 0-0 Bb7 13. a3 Na4 14. bxa4 Qxa4 15. Rab1 Qa5 16. Bc3 Qc7 17. Ba5 Qxa5 18. Rxb7 Be7 19. Rfb1 Qd8 20. R1b3 g6 21. h4 0-0 22. h5 c5 23. c4 Bg5 24. hxg6 hxg6 25. Qg4 dxc4 26. Bxc4 Qd4 27. Qxd4 cxd4 28. Rh3 1-0

[Event "Praia do Morro Guarapari op"]
[Site "Praia do Morro"]
[Date "2017.04.15"]
[Round "4"]
[White "Leao, Tales Braghini"]
[Black "Zacarias, Rodrigo Medeiros"]
[Result "0-1"]
[WhiteElo "1988"]
[BlackElo "2106"]
[PlyCount "90"]
[EventDate "2017.04.14"]
[EventType "swiss"]
[EventRounds "6"]
[EventCountry "BRA"]
[SourceTitle "CBM 177 Extra"]
[Source "ChessBase"]
[SourceDate "2017.04.27"]
[SourceVersion "1"]
[SourceVersionDate "2017.04.27"]
[SourceQuality "1"]

1. e4 c5 2. Nf3 d6 3. d4 cxd4 4. Nxd4 Nf6 5. Nc3 a6 6. Be3 e5 7. Nb3 Be6 8. f3 Nbd7 9. Qd2 b5 10. g4 Nb6 11. g5 Nfd7 12. Qf2 Nc4 13. Bxc4 Bxc4 14. Nd2 Be6 15. Nd5 Be7 16. h4 Bxd5 17. exd5 f5 18. f4 0-0 19. 0-0-0 Rc8 20. Nf3 Qc7 21. Kb1 a5 22. fxe5 dxe5 23. Qh2 Bd6 24. Ne1 f4 25. Bc1 e4 26. Qh3 Rce8 27. Qb3 b4 28. Rd4 Kh8 29. Qc4 Qxc4 30. Rxc4 f3 31. Rf1 Bg3 32. Be3 Bxh4 33. Kc1 Rf5 34. g6 hxg6 35. Nxf3 exf3 36. Rxh4+ Kg8 37. Bd4 g5 38. Rh5 Rxd5 39. c3 Rc8 40. Kb1 Rf5 41. Rfh1 Nf8 42. Kc2 f2 43. Rf1 Ne6 44. Bxf2 Rcf8 45. Rh2 g4 0-1

[Event "Joao Pessoa Fischer Memorial 8th"]
[Site "Joao Pessoa"]
[Date "2017.03.17"]
[Round "2"]
[White "Leao, Tales Braghini"]
[Black "Da Silva Filho, Joaquim Virgolino"]
[Result "1-0"]
[WhiteElo "1949"]
[BlackElo "1556"]
[PlyCount "56"]
[EventDate "2017.03.17"]
[EventType "swiss"]
[EventRounds "6"]
[EventCountry "BRA"]
[SourceTitle "CBM 177 Extra"]
[Source "ChessBase"]
[SourceDate "2017.04.27"]
[SourceVersion "1"]
[SourceVersionDate "2017.04.27"]
[SourceQuality "1"]

1. e4 c6 2. d4 d5 3. e5 Bf5 4. h4 h6 5. g4 Bh7 6. e6 Qd6 7. exf7+ Kxf7 8. Nf3 Be4 9. Bd3 Nd7 10. Qe2 Bxd3 11. Qxd3 Qe6+ 12. Qe2 Qxe2+ 13. Kxe2 g6 14. Ne5+ Nxe5 15. dxe5 e6 16. Be3 Ne7 17. Nd2 Nc8 18. c3 Nb6 19. a4 Be7 20. f4 Nd7 21. Nf3 a6 22. h5 gxh5 23. Rxh5 Rh7 24. f5 Rg8 25. fxe6+ Kxe6 26. Nd4+ Kf7 27. e6+ Ke8 28. exd7+ Kxd7 1-0

[Event "Pocos de Caldas op"]
[Site "Pocos de Caldas"]
[Date "2017.03.12"]
[Round "6"]
[White "Leao, Tales Braghini"]
[Black "Terao, Juliana Sayumi"]
[Result "1-0"]
[WhiteElo "1949"]
[BlackElo "2311"]
[PlyCount "71"]
[EventDate "2017.03.10"]
[EventType "swiss"]
[EventRounds "6"]
[EventCountry "BRA"]
[SourceTitle "EXT 2018"]
[Source "ChessBase"]
[SourceDate "2017.10.13"]
[SourceVersion "1"]
[SourceVersionDate "2017.10.13"]
[SourceQuality "1"]

1. e4 c5 2. Nf3 e6 3. d4 cxd4 4. Nxd4 a6 5. Bd3 Bc5 6. Nb3 Be7 7. c4 d6 8. 0-0 Nf6 9. Qe2 Nbd7 10. Nc3 Qc7 11. f4 b6 12. Bd2 Bb7 13. Rae1 e5 14. Nd5 Nxd5 15. exd5 0-0-0 16. Rc1 Kb8 17. Kh1 Rde8 18. Qf2 Bf6 19. Bf5 Bc8 20. Bxd7 Bxd7 21. Be3 Kb7 22. fxe5 Rxe5 23. Nd4 Rhe8 24. Bf4 Re4 25. Nb3 Re2 26. Qg3 Bxb2 27. Bxd6 Qd8 28. Rb1 Bf6 29. Nc5+ Ka7 30. Bc7 Qc8 31. Bxb6+ Ka8 32. Bc7 Be5 33. Bxe5 R8xe5 34. Qa3 R5e3 35. Qa5 Bh3 36. Nxa6 1-0

[Event "Pocos de Caldas op"]
[Site "Pocos de Caldas"]
[Date "2017.03.10"]
[Round "1"]
[White "Paschoa, Brenno David Pereir"]
[Black "Leao, Tales Braghini"]
[Result "0-1"]
[WhiteElo "1298"]
[BlackElo "1949"]
[PlyCount "48"]
[EventDate "2017.03.10"]
[EventType "swiss"]
[EventRounds "6"]
[EventCountry "BRA"]
[SourceTitle "EXT 2018"]
[Source "ChessBase"]
[SourceDate "2017.10.13"]
[SourceVersion "1"]
[SourceVersionDate "2017.10.13"]
[SourceQuality "1"]

1. d4 Nf6 2. Nf3 g6 3. Bf4 Bg7 4. e3 0-0 5. Be2 d6 6. h3 b6 7. c3 Bb7 8. 0-0 Ne4 9. Nbd2 Nd7 10. Bd3 Nxd2 11. Nxd2 e5 12. dxe5 dxe5 13. Bh2 Qe7 14. e4 Rad8 15. b4 Nc5 16. bxc5 Rxd3 17. cxb6 Rfd8 18. bxa7 Rxd2 19. Qa4 Qd7 20. Qb3 Bxe4 21. Rfe1 Qf5 22. f3 Bxf3 23. Rf1 Rxg2+ 24. Kh1 Rg5+ 0-1

[Event "Sao Sebastiao do Paraiso op"]
[Site "Sao Sebastiao do Paraiso"]
[Date "2016.10.23"]
[Round "4"]
[White "Batista, Gerson Peres"]
[Black "Leao, Tales Braghini"]
[Result "1/2-1/2"]
[WhiteElo "2183"]
[BlackElo "1966"]
[PlyCount "33"]
[EventDate "2016.10.21"]
[EventType "swiss"]
[EventRounds "5"]
[EventCountry "BRA"]
[SourceTitle "CBM 175 Extra"]
[Source "ChessBase"]
[SourceDate "2016.12.12"]
[SourceVersion "1"]
[SourceVersionDate "2016.12.12"]
[SourceQuality "1"]

1. d4 Nf6 2. c4 g6 3. Nc3 Bg7 4. e4 d6 5. f4 c5 6. dxc5 Qa5 7. Bd3 Nfd7 8. Bd2 Nxc5 9. Be2 Nc6 10. Nf3 0-0 11. a3 Qd8 12. Qc2 Ne6 13. 0-0-0 Ncd4 14. Nxd4 Nxd4 15. Qd3 Bd7 16. Be3 Nxe2+ 17. Nxe2 1/2-1/2

[Event "Sao Sebastiao Online 1st"]
[Site "Sao Sebastiao do Paraiso"]
[Date "2015.08.02"]
[Round "3.1"]
[White "De Padua, Camila Marques"]
[Black "Leao, Tales Braghini"]
[Result "0-1"]
[WhiteElo "1718"]
[BlackElo "2066"]
[PlyCount "56"]
[EventDate "2015.08.02"]
[EventType "tourn"]
[EventRounds "9"]
[EventCountry "BRA"]
[SourceTitle "EXT 2022"]
[Source "ChessBase"]
[SourceDate "2021.10.06"]
[SourceVersion "1"]
[SourceVersionDate "2021.10.06"]
[SourceQuality "1"]

1. e4 c5 2. Nf3 e6 3. d3 Nc6 4. g3 g6 5. Bg2 Bg7 6. 0-0 Nge7 7. c3 0-0 8. d4 d5 9. e5 Nf5 10. Na3 cxd4 11. cxd4 Qb6 12. Nc2 f6 13. Re1 Bd7 14. g4 Nfe7 15. b3 fxe5 16. dxe5 Rac8 17. Ba3 Rf4 18. Ne3 Nb4 19. Qd2 Rcf8 20. Bxb4 Rxb4 21. Nc4 dxc4 22. Qxd7 Nd5 23. bxc4 Nf4 24. c5 Qxc5 25. Ng5 Qc8 26. Qd2 Rc4 27. Rac1 Rxc1 28. Rxc1 Qxc1+ 0-1

[Event "Sao Sebastiao Online 1st"]
[Site "Sao Sebastiao do Paraiso"]
[Date "2015.08.02"]
[Round "4.1"]
[White "Leao, Tales Braghini"]
[Black "Batista, Matheus Peres"]
[Result "1-0"]
[WhiteElo "2066"]
[BlackElo "1778"]
[PlyCount "87"]
[EventDate "2015.08.02"]
[EventType "tourn"]
[EventRounds "9"]
[EventCountry "BRA"]
[SourceTitle "EXT 2022"]
[Source "ChessBase"]
[SourceDate "2021.10.06"]
[SourceVersion "1"]
[SourceVersionDate "2021.10.06"]
[SourceQuality "1"]

1. e4 c5 2. Nf3 d6 3. d4 cxd4 4. Nxd4 Nf6 5. Nc3 a6 6. Be3 e6 7. f3 h5 8. Qd2 b5 9. a4 b4 10. Nce2 e5 11. Nb3 d5 12. Rd1 d4 13. Nec1 Qc7 14. Bg5 Be7 15. Nd3 a5 16. Be2 Bd7 17. Ra1 Na6 18. 0-0 Rc8 19. Rfc1 Nc5 20. Nbxc5 Bxc5 21. Nxc5 Qxc5 22. Bd3 Nh7 23. Bh4 f6 24. Bf2 Qc7 25. f4 g5 26. fxg5 Nxg5 27. Bh4 Rg8 28. Kh1 Bc6 29. Qe2 Qg7 30. Qxh5+ Nf7 31. Rg1 Rh8 32. Qf5 Bd7 33. Qf2 Ng5 34. Qg3 Ke7 35. Bxg5 fxg5 36. h3 Rh4 37. Kh2 Rch8 38. Raf1 g4 39. Bc4 Be6 40. Bxe6 Kxe6 41. Rf5 Qc7 42. Qb3+ Kd6 43. Rf6+ Kc5 44. Qd5# 1-0